MECHANICAL RELIABILITY (Record no. 14500)

MARC details
000 -LEADER
fixed length control field 00335nam a22001457a 4500
003 - CONTROL NUMBER IDENTIFIER
control field SGT
020 ## - INTERNATIONAL STANDARD BOOK NUMBER
International Standard Book Number 81-7671-029-6
082 ## - DEWEY DECIMAL CLASSIFICATION NUMBER
Classification number 620.00452
Item number SRI
100 ## - MAIN ENTRY--PERSONAL NAME
Personal name SRINATH,LS
245 ## - TITLE STATEMENT
Title MECHANICAL RELIABILITY
260 ## - PUBLICATION, DISTRIBUTION, ETC. (IMPRINT)
Place of publication, distribution, etc NEW DELHI
Name of publisher, distributor, etc EAST-WEST PRESS. PVT
Year of Publication 2002
300 ## - PAGE DESCRIPTION
No. of Pages 320
650 ## - SUBJECT ADDED ENTRY--TOPICAL TERM
Topical term or geographic name as entry element MECHANICAL ENGINEERING
942 ## - ADDED ENTRY ELEMENTS (KOHA)
Source of classification or shelving scheme Dewey Decimal Classification
Koha item type Books
Holdings
Withdrawn status Lost status Source of classification or shelving scheme Damaged status Not for loan Collection code Home library Current library Shelving location Date acquired Vendor Name Cost, normal purchase price SGTU Bill Number Total Checkouts Total Renewals Full call number Accession No. (Barcode) Date last seen Date last borrowed Bill Date Koha item type
    Dewey Decimal Classification     ENGINEERING SGT Engineering Library SGT Engineering Library Text Book 12/01/2018 KIRTI PRAKASHAN (NEW DELHI ) 195.00 SGTU IN1297 6 1 620.00452 SRI FE6943 20/05/2019 10/05/2019   Books
    Dewey Decimal Classification     ENGINEERING SGT Engineering Library SGT Engineering Library Text Book 12/01/2018 KIRTI PRAKASHAN (NEW DELHI ) 195.00 SGTU IN1297 3 3 620.00452 SRI FE6944 13/06/2018 07/06/2018   Books
    Dewey Decimal Classification     ENGINEERING SGT Engineering Library SGT Engineering Library Text Book 12/01/2018 KIRTI PRAKASHAN (NEW DELHI ) 195.00 SGTU IN1297 5   620.00452 SRI FE6945 05/04/2019 05/04/2019   Books